| 000 | 01139nam a22001937a 4500 | ||
|---|---|---|---|
| 003 | JO-AjAnu | ||
| 005 | 20240623122117.0 | ||
| 008 | 240406b jo ||||| |||| 00| 0 ara d | ||
| 040 |
_aJO-AjAnu _bara _cJO-AjAnu |
||
| 041 | 0 | _aara | |
| 100 | 1 |
_aالطعاني، قصي زياد يوسف. _eمعد _965323 |
|
| 245 | 1 | 0 |
_aاثر هندرة الموارد البشرية على السلوك الابداعي لدى العاملين في مؤسسة التدريب المهني في الاردن = The Impact of Human Resource Reengineering on the Creative Behavior for Employees, at the Vocational Training corporation in jordan / _cاعداد قصي زياد يوسف الطعاني ؛ اشراف علي فلاح مفلح الزعبي |
| 260 | _c2023 | ||
| 300 | _a128 ورقة | ||
| 500 | _aرسالة جامعية ( رسالة ماجستير في ادارة الاعمال) - جامعة عجلون الوطنية (عجلون، الاردن)، كلية الاعمال، 2023. | ||
| 650 | 7 | 0 |
_aالموارد البشرية - هندرة _965324 |
| 700 | 1 |
_aالزعبي، علي فلاح مفلح _959270 _eمشرف |
|
| 942 |
_2lcc _cTHS _n0 |
||
| 999 |
_c33436 _d33436 |
||